Statistics for Famous British People by Picture

Click here to take the quiz!

General Stats

  • This quiz has been taken 1,743 times
  • The average score is 10 of 16

Answer Stats

Answer% Correct
Princess Diana
98%
David Beckham
91%
Paul McCartney
84%
Daniel Craig
82%
J. K. Rowling
71%
Ricky Gervais
68%
Helena Bonham Carter
65%
Sharon Osbourne
63%
Michael Caine
60%
Jude Law
59%
Florence Nightingale
58%
Liam Gallagher
53%
Charlie Chaplin
32%
Katie Price
27%
Dusty Springfield
21%
Patsy Kensit
20%

Score Distribution

Percentile by Number Answered

Percent of People with Each Score

Your Score History

You have not taken this quiz